Microsoft Windows server 2003 : unleashed (Record no. 4315)

000 -LEADER
fixed length control field 00566 a2200193 4500
020 ## - INTERNATIONAL STANDARD BOOK NUMBER
International Standard Book Number 0672321548
040 ## - CATALOGING SOURCE
Original cataloging agency DLC
Language of cataloging DLC
082 00 - DEWEY DECIMAL CLASSIFICATION NUMBER
Classification number 005.4469 MOR
100 ## - MAIN ENTRY--PERSONAL NAME
Personal name Morimoto, Rand
110 ## - MAIN ENTRY--CORPORATE NAME
Corporate name or jurisdiction name as entry element Noel, Michael
245 00 - TITLE STATEMENT
Title Microsoft Windows server 2003 : unleashed
Statement of responsibility, etc. Rand H. Morimoto ... [et al.].
260 ## - PUBLICATION, DISTRIBUTION, ETC.
Place of publication, distribution, etc. Indianapolis, Ind. :
Name of publisher, distributor, etc. SAMS,
Date of publication, distribution, etc. c2003.
300 ## - PHYSICAL DESCRIPTION
Extent xlviii, 1150 p. :
Other physical details ill. ;
Dimensions 23 cm.
500 ## - GENERAL NOTE
General note Includes index.
650 #0 - SUBJECT ADDED ENTRY--TOPICAL TERM
Topical term or geographic name entry element Operating systems (Computers)
650 #0 - SUBJECT ADDED ENTRY--TOPICAL TERM
Topical term or geographic name entry element Microsoft .NET.
700 1# - ADDED ENTRY--PERSONAL NAME
Personal name Morimoto, Rand.
942 ## - ADDED ENTRY ELEMENTS (KOHA)
Koha item type Book
Call number prefix 005.4469 MOR
Source of classification or shelving scheme
Holdings
Withdrawn status Lost status Damaged status Not for loan Collection code Permanent Location Current Location Shelving location Date acquired Source of acquisition Cost, normal purchase price Total Checkouts Full call number Barcode Date last seen Price effective from Koha item type
          Central Library (CL) Central Library (CL) First Floor - Operating System/ Data Structure 09/08/2003 Progressive International Agencies 3712.96   005.4469 MOR SEECS003809 11/14/2012 01/05/2017 Book
© 2023 Central Library, National University of Sciences and Technology. All Rights Reserved.